000 00852nmm a2200265 a 4500
001 ocm000746562
003 TR-IsHL
005 20201028153532.0
008 140402s2007 tu tur
007 cr cn
020 _a9789758986521
035 _a746562
_b(N$T)
050 0 4 _aG76.5.U5
_bÖ94 2007
090 0 4 _aG76.5.U5
_bÖ94 2007
100 1 _aÖzey, Ramazan
245 1 0 _aAmerika coğrafyası
_h[electronic resource] /
_cRamazan Özey
260 _aİstanbul :
_bAktif Yayınevi,
_c2007
300 _a484 p.
650 4 _aGenel Çalışmalar
650 4 _aGeneral Works
650 0 _aCoğrafya
_x Amerika coğrafyası
650 0 _aGeography
_x American geography
650 7 _aSCIENCE / Earth Sciences / Geography
_2bisacsh
856 4 0 _uhttp://search.ebscohost.com/login.aspx?direct=true&scope=site&db=e011xww&AN=746562
999 _c12099
_d12099